| 000 | 00416nam a22001697a 4500 | ||
|---|---|---|---|
| 005 | 20160518170705.0 | ||
| 008 | 160518b xxu||||| |||| 00| 0 eng d | ||
| 020 | _a981-243145-4 | ||
| 041 | _aeng | ||
| 082 | _b3076 | ||
| 100 |
_aMortun, Thomas E. _9765 |
||
| 245 | _aProduction and Operations Management | ||
| 260 |
_aNew Delhi _bVikash Publishing, |
||
| 300 | _a441 | ||
| 650 |
_aManagement _9241 |
||
| 942 | _cBK | ||
| 999 |
_c1051 _d1051 |
||